[Event "Chigorin Memorial 20th"]
[Site "St Petersburg"]
[Date "2012.11.01"]
[Round "6"]
[White "Ustich, Ekaterina"]
[Black "Lutovinov, Alexander"]
[Result "0-1"]
[WhiteElo "1857"]
[BlackElo "2145"]
[PlyCount "110"]
[EventDate "2012.10.27"]
[EventType "swiss"]
[EventRounds "9"]
[EventCountry "RUS"]
[SourceTitle "EXT 2013"]
[Source "ChessBase"]
[SourceDate "2012.11.22"]
[SourceVersion "1"]
[SourceVersionDate "2012.11.22"]
[SourceQuality "1"]

1. e4 e5 2. Nf3 Nc6 3. Bb5 a6 4. Bxc6 dxc6 5. 0-0 Qd6 6. d3 f6 7. Qe2 Bg4 8. h3 Be6 9. Be3 c5 10. Nbd2 0-0-0 11. Nc4 Qc6 12. Nfd2 g5 13. a4 h5 14. Na5 Qd7 15. Nab3 Qc6 16. Na5 Qe8 17. Nab3 Kb8 18. Bxc5 Bxc5 19. Nxc5 Bc8 20. Ncb3 Ne7 21. Nc4 Ng6 22. f3 Nf4 23. Qd1 Qg6 24. Ne3 c6 25. Kf2 Rdg8 26. Ke1 g4 27. hxg4 hxg4 28. Kd2 Rh2 29. Rh1 g3 30. Qf1 Rgh8 31. Rg1 Qg5 32. Kc3 Rd8 33. Qe1 Qg7 34. a5 Rhh8 35. Ra4 Rhg8 36. Nd2 Qd7 37. Qf1 c5 38. b3 Qb5 39. Ndc4 Rd4 40. Kb2 Rgd8 41. Na3 Qc6 42. Nac4 Be6 43. Rh1 Qb5 44. Na3 Qd7 45. Nec4 Qg7 46. Nb6 Rh8 47. Nac4 Rh2 48. Ne3 Qh6 49. Ra1 Nxd3+ 50. cxd3 Qxe3 51. Rxh2 gxh2 52. Rd1 Rb4 53. Nd5 Bxd5 54. exd5 Qd4+ 55. Ka3 Qc3 0-1

[Event "Chigorin Memorial 20th"]
[Site "St Petersburg"]
[Date "2012.10.29"]
[Round "3"]
[White "Lutovinov, Alexander"]
[Black "Dzhavathanov, Magomed"]
[Result "1-0"]
[WhiteElo "2145"]
[BlackElo "1848"]
[PlyCount "69"]
[EventDate "2012.10.27"]
[EventType "swiss"]
[EventRounds "9"]
[EventCountry "RUS"]
[SourceTitle "EXT 2013"]
[Source "ChessBase"]
[SourceDate "2012.11.22"]
[SourceVersion "1"]
[SourceVersionDate "2012.11.22"]
[SourceQuality "1"]

1. e4 d6 2. d4 Nf6 3. Nc3 g6 4. Bg5 h6 5. Be3 Ng4 6. Bf4 e5 7. dxe5 Nxe5 8. Nf3 Nbc6 9. Bb5 Bg7 10. Bxe5 dxe5 11. Qxd8+ Kxd8 12. 0-0-0+ Bd7 13. Rd2 Kc8 14. Rhd1 Bg4 15. Bc4 Rf8 16. h3 Bxf3 17. gxf3 Nd4 18. f4 h5 19. Ne2 b5 20. Bd5 c6 21. Nxd4 cxd5 22. Nxb5 d4 23. Rd3 Bh6 24. c3 Bxf4+ 25. Kc2 a6 26. Na3 Kb7 27. cxd4 Rac8+ 28. Kb3 f5 29. dxe5 Bxe5 30. Nc4 Bc7 31. e5 Kc6 32. Rc1 Rb8+ 33. Ka4 Kb7 34. Rd7 Kc8 35. e6 1-0

[Event "Chigorin Memorial 20th"]
[Site "St Petersburg"]
[Date "2012.10.27"]
[Round "1"]
[White "Lutovinov, Alexander"]
[Black "Grigoriants, Sergey"]
[Result "0-1"]
[WhiteElo "2145"]
[BlackElo "2578"]
[PlyCount "128"]
[EventDate "2012.10.27"]
[EventType "swiss"]
[EventRounds "9"]
[EventCountry "RUS"]
[SourceTitle "EXT 2013"]
[Source "ChessBase"]
[SourceDate "2012.11.22"]
[SourceVersion "1"]
[SourceVersionDate "2012.11.22"]
[SourceQuality "1"]

1. e4 c5 2. d4 cxd4 3. Qxd4 Nc6 4. Qe3 Nf6 5. Nc3 d6 6. Bd2 g6 7. 0-0-0 Bg7 8. f4 0-0 9. Nf3 Be6 10. Ng5 Qc8 11. h3 Rb8 12. g4 b5 13. Nxe6 Qxe6 14. g5 b4 15. f5 gxf5 16. gxf6 bxc3 17. Bxc3 Bxf6 18. Bc4 Bxc3 19. Bxe6 Bxb2+ 20. Kd2 fxe6 21. exf5 exf5 22. c3 Ba3 23. Rb1 Kh8 24. Kc2 Rbc8 25. Rhf1 Rf6 26. Rb7 Bc5 27. Qg5 Rg8 28. Qh5 Rgf8 29. Rc7 d5 30. Qf3 Bb6 31. Rb7 d4 32. Kb1 dxc3 33. Qxc3 Bd4 34. Qd3 f4 35. Qe4 f3 36. a3 Be5 37. Ka2 f2 38. Rxe7 Nxe7 39. Qxe5 Nc6 40. Qc3 Kg8 41. Qb3+ Kh8 42. Qc3 Kg8 43. h4 R8f7 44. h5 h6 45. Qc4 Ne5 46. Qe4 Rf5 47. Qd4 Kh7 48. Qe4 Kg7 49. Qd4 a6 50. a4 R7f6 51. Qa7+ Nf7 52. Qe3 Rf3 53. Qe2 R3f4 54. Kb3 Kf8 55. Ka3 a5 56. Qb5 R4f5 57. Qb8+ Kg7 58. Qg3+ Ng5 59. Qc7+ Nf7 60. Qg3+ Kh7 61. Qd3 Ne5 62. Qe4 Kg8 63. Rxf2 Rxf2 64. Qxe5 R6f3+ 0-1